000 00574nam a2200193Ia 4500
008 090123s9999 xx 000 0 und d
082 _b3608
_a891.463/मार्शल
100 _aमाईक मार्शल
245 _aखुनी ड्रागो
250 _a1
260 _c1974
300 _a86
600 _aमाईक मार्शल
630 _aखुनी ड्रागो
700 _aमाईक मार्शल
700 _aमोकाशी दि.बा.
730 _aखुनी ड्रागो
942 _cBOOK
999 _c41688
_d41688